| 000 | 01483nam a22002537a 4500 | ||
|---|---|---|---|
| 005 | 20240305165501.0 | ||
| 007 | cr|||| |||| | ||
| 008 | 180306s2016 br |||||s|||| 00||0 por d | ||
| 020 | _a978-85-7789-105-4 | ||
| 035 | _a21020 | ||
| 040 | _avLex | ||
| 090 |
_c7450 _d7450 |
||
| 100 | 1 | _ada Silva, Edson Jacinto | |
| 245 | 1 | 0 |
_aLoteamento Urbano _h[Recurso electrónico] : _bDoutrina e prática / _cEdson Jacinto da Silva |
| 256 | _aServicio en línea | ||
| 260 |
_aSan Pablo: _bJH Mizuno, _c2016 |
||
| 300 | _a1 recurso electrónico | ||
| 500 | _aEsta obra jurídica aborda todos os pontos pertinentes ao Loteamento Urbano atual. É consagrada aos profissionais que, tanto nas prefeituras como nas atividades liberais, trabalham com projetos de loteamentos e parcelamentos do solo urbano. Nela se encontram todas as ações e exigências legais para a sua concretização - reunindo ainda todos os critérios necessários para projetar, aprovar e registrar um loteamento urbano. | ||
| 506 | 1 |
_aDisponible solo en los productos indicados _dvLex Global _dvLex Global (Academic Edition, excluding Law Schools) _dvLex Global (U.S. Academic Edition, Law Schools) _dvLex Global (U.S. Academic Edition, excluding Law Schools) _dvLex Global (Academic Edition, Law Schools) |
|
| 650 | 0 | 4 |
_aDerecho Público y Administrativo _zBrasil |
| 740 | 0 | _avLex Libros (Servicio en línea) | |
| 856 | 4 | 0 | _uhttps://app.vlex.com/#/sources/loteamento-urbano-doutrina-e-pratica-21020 |
| 942 | _cRAA | ||
| 999 |
_c165689 _d165689 |
||